How to succeed in family living. (Record no. 14587)

000 -LEADER
fixed length control field 00769nam a2200205 a 4500
001 - CONTROL NUMBER
control field :::00012419$&:&@@
003 - CONTROL NUMBER IDENTIFIER
control field OkBaRHE
005 - DATE AND TIME OF LATEST TRANSACTION
control field 20000607103419.0
008 - FIXED-LENGTH DATA ELEMENTS--GENERAL INFORMATION
fixed length control field s1968 j 000 0 eng u
040 ## - CATALOGING SOURCE
Transcribing agency
100 1# - MAIN ENTRY--PERSONAL NAME
Personal name Narramore, Clyde Maurice, 1916-
245 10 - TITLE STATEMENT
Title How to succeed in family living.
260 ## - PUBLICATION, DISTRIBUTION, ETC. (IMPRINT)
Place of publication, distribution, etc Glendale, CA., :
Name of publisher, distributor, etc G/L Regal Books
Date of publication, distribution, etc c1968
300 ## - PHYSICAL DESCRIPTION
Extent 119 p. ;
Dimensions 18 cm.
650 ## - SUBJECT ADDED ENTRY--TOPICAL TERM
Topical term or geographic name as entry element Family
General subdivision Religious Life
942 ## - ADDED ENTRY ELEMENTS (KOHA)
Source of classification or shelving scheme
Koha item type Books
Copies
Barcode Damaged status Koha item type Shelving location Date last seen Full call number Source of classification or shelving scheme Withdrawn status Price effective from Date acquired Not for loan Lost status Copy number Permanent Location
12419 BooksGeneral Stacks2010-04-14HQ 728 .N3H6  2010-04-142010-04-14  1RHEMA Bible Training College
15388 BooksGeneral Stacks2010-04-14HQ 728 .N3H6  2010-04-142010-04-14  2RHEMA Bible Training College
19640 BooksGeneral Stacks2010-04-14HQ 728 .N3H6  2010-04-142010-04-14  3RHEMA Bible Training College